| 000 | 00352nam a2200145Ia 4500 | ||
|---|---|---|---|
| 008 | 230718s9999 xx 000 0 und d | ||
| 041 | _aeng | ||
| 082 |
_a621.381 _bMOT |
||
| 100 | _aMotorola | ||
| 245 | _aTvs Zener Device Data | ||
| 260 |
_c1994 _bMotorola |
||
| 365 |
_cRs. _b275.00 |
||
| 700 | _aMotorola | ||
| 906 |
_dB:33528-Aug-2001 _cETC _b41.25 |
||
| 999 |
_c302074 _d302074 |
||